Estatísticas para Todos os clubes que Cristiano Ronaldo marcou gols

Clique aqui para jogar o quiz

Estatísticas Gerais

  • Esse quiz foi jogado 317 vezes
  • A pontuação média é 51 de 168

Estatísticas das Respostas

CLUBE OU SELEÇÃOGOLSRESPOSTA% Correto
Clube espanhol20Barcelona
98%
Clube inglês5Manchester City
80%
Clube italiano6Milan
77%
Clube italiano10Juventus
76%
Clube espanhol27Sevilla
76%
Clube italiano5Internazionale
75%
Clube francês3PSG
75%
Clube alemão9Bayern de Munique
74%
Clube espanhol15Valencia
74%
Clube inglês1Chelsea
73%
Clube alemão7Borussia Dortmund
72%
Seleção europeia3Espanha
72%
Clube inglês3Manchester United
71%
Clube holandês9Ajax
70%
Clube português1Porto
70%
Seleção europeia2França
68%
Clube inglês3Liverpool
68%
Clube inglês8Arsenal
66%
Clube inglês11Tottenham
66%
Clube italiano10Roma
65%
Seleção europeia1Alemanha
62%
Clube espanhol15Real Sociedad
62%
Clube espanhol15Villarreal
61%
Clube espanhol25Atletico Madrid
60%
Clube italiano4Napoli
59%
Clube português3Sporting
59%
Seleção sul-americana1Argentina
57%
Clube francês6Olympique Lyonnais
55%
Seleção europeia7Suécia
55%
Clube espanhol15Espanyol
52%
Clube espanhol6Real Bétis
52%
Seleção europeia3Rússia
52%
Seleção europeia3Suíça
52%
Seleção europeia4Holanda
49%
Clube italiano5Lazio
49%
Clube brasileiro1Grêmio
48%
Clube espanhol23Getafe
45%
Clube inglês6West Ham
45%
Clube espanhol17Athletic Bilbao
44%
Seleção europeia3Bélgica
44%
Seleção europeia9Luxemburgo
44%
Clube inglês9Aston Villa
43%
Seleção europeia6Hungria
43%
Clube italiano6Sassuolo
43%
Clube italiano6Atalanta
41%
Clube inglês5Everton
41%
Clube turco6Galatasaray
41%
Clube espanhol7Mallorca
41%
Clube inglês8Newcastle
41%
Seleção europeia2Irlanda
40%
Seleção europeia1Grécia
39%
Seleção europeia1Polônia
38%
Seleção europeia1Ucrânia
38%
Seleção europeia1Croácia
37%
Clube espanhol12Granada
37%
Seleção asiática1Coreia do Norte
36%
Clube italiano3Fiorentina
36%
Clube espanhol4Girona
36%
Clube espanhol12Osasuna
36%
Clube espanhol12Rayo Vallecano
36%
Seleção europeia7Lituânia
35%
Clube italiano4Torino
35%
Seleção europeia3Dinamarca
34%
Seleção europeia1Finlândia
34%
Clube espanhol17Málaga
34%
Clube italiano5Sampdoria
34%
Seleção europeia1Sérvia
34%
Clube alemão3Wolfsburg
34%
Clube espanhol7Almería
32%
Seleção africana1Gana
32%
Clube espanhol14Levante
32%
Seleção europeia5Letônia
31%
Seleção europeia1País de Gales
31%
Clube alemão7Schalke
31%
Clube espanhol7Elche
30%
Seleção europeia4Estônia
30%
Clube francês4Olympique de Marselha
30%
Clube sueco6Malmö
29%
Clube espanhol5Alavés
27%
Clube cipriota6APOEL
27%
Clube alemão2Bayer Leverkusen
27%
Clube italiano2Bologna
27%
Seleção europeia1Eslováquia
27%
Seleção europeia1Islândia
27%
Seleção europeia6Andorra
26%
Clube espanhol7Eibar
26%
Seleção asiática1Irã
26%
Seleção africana1Marrocos
26%
Seleção europeia2República Tcheca
25%
Seleção europeia2Bósnia-Hezergovina
24%
Clube ucraniano4Dínamo de Kiev
24%
Seleção africana2Egito
24%
Clube italiano5Genoa
24%
Clube inglês2Southampton
24%
Clube suíço2Basel
23%
Clube italiano8Cagliari
23%
Seleção africana2Camarões
23%
Clube espanhol13Deportivo La Coruña
23%
Clube italiano6Parma
23%
Clube italiano7Udinese
23%
Clube espanhol3Valladolid
23%
Clube inglês7Fulham
22%
Seleção da oceania1Nova Zelândia
22%
Seleção europeia3Irlanda do Norte
20%
Seleção sul-americana1Equador
19%
Clube italiano3Hellas Verona
19%
Clube espanhol7Real Zaragoza
19%
Clube ucraniano5Shakhtar Donetsk
18%
Clube italiano2Empoli
17%
Clube japonês3Kashima Antlers
17%
Clube espanhol3Las Palmas
17%
Seleção asiática2Arábia Saudita
16%
Clube inglês1Burnley
16%
Clube espanhol20Celta Vigo
16%
Seleção europeia2Chipre
16%
Clube dinamarquês3Copenhague
15%
Seleção europeia1Sunderland
15%
Clube suíço1Young Boys
15%
Seleção europeia5Armênia
14%
Seleção da américa central1Panamá
14%
Clube inglês2Watford
13%
Seleção europeia1Israel
12%
Clube italiano1Lecce
12%
Seleção europeia2Azerbaijão
11%
Seleção europeia4Ilhas Faroe
11%
Clube inglês6Portsmouth
11%
Clube espanhol6Sporting Gijón
11%
Clube português1Boavista
10%
Clube russo3CSKA Moscou
10%
Clube húngaro1Ferencvárosi
10%
Clube italiano3SPAL
10%
Clube inglês2Hull City
9%
Clube búlgaro2Ludogorets
9%
Clube inglês2Stoke City
9%
Clube espanhol1Tenerife
9%
Clube espanhol6Racing Santander
8%
Clube português2Moreirense
7%
Clube inglês1Norwich City
7%
Clube inglês4West Bromwich
7%
Clube inglês7Wigan Athletic
7%
Seleção asiática1Catar
6%
Seleção europeia2Cazaquistão
6%
Clube italiano2Crotone
6%
Clube inglês3Blackburn Rovers
5%
Clube espanhol1Córdoba
5%
Clube inglês4Derby County
5%
Clube suíço2FC Zurique
5%
Clube francês1Auxerre
4%
Clube italiano2Frosinone
4%
Clube japonês1Gamba Osaka
4%
Clube espanhol2Hércules
4%
Clube inglês5Middeslbrough
4%
Clube espanhol1Ponferradina
4%
Clube espanhol1Real Murcia
4%
Clube espanhol4Xerez
4%
Clube português1Oliveira do Hospital
3%
Clube inglês4Reading
3%
Clube emiradense1Al-Jazira
2%
Clube inglês2Birmingham City
2%
Clube português1Estarreja
2%
Clube inglês1Milwall
2%
Clube mexicano1América-MEX
1%
Clube inglês6Bolton Wanderers
1%
Clube inglês1Brighton and Hove Albion
1%
Clube inglês1Charlton Athletic
1%
Clube húngaro1Debreceni
1%
Clube inglês1Exeter City
1%
Clube italiano3La Spezia
1%

Distribuição das Pontuações

Percentil de Números Respondidos

Porcentagem de Pessoas com Cada Pontuação

Sua Pontuação Histórica

Você não jogou esse quiz